Beste 2. Bundesliga Aufsteiger - Statistiken

Allgemein
  • Dieses Quiz wurde 36 mal gespielt
  • Das Durchschnittsergebnis liegt bei 13 aus 20
Antwortstatistiken
Platz Saison Verein Punkte; (TD) % Korrekt
14. 1990/91 FC Schalke 04 80; (+35)
91%
20. 1983/84 FC Schalke 04 78; (+50)
91%
11. 1976/77 VfB Stuttgart 81; (+64)
85%
1. 1980/81 Werder Bremen 98; (+64)
79%
5. 1979/80 1. FC Nürnberg 87; (+50)
76%
8. 1978/79 Bayer 04 Leverkusen 83; (+53)
76%
16. 1974/75 Hannover 96 79; (+54)
73%
19. 1986/87 Hannover 96 79; (+38)
73%
4. 1992/93 SC Freiburg 92; (+45)
70%
15. 1992/93 VfB Leipzig 80; (+21)
70%
2. 1979/80 Arminia Bielefeld 96; (+89)
61%
13. 1975/76 1. FC Saarbrücken 80; (+38)
58%
9. 1992/93 MSV Duisburg 83; (+25)
58%
12. 1976/77 TSV 1860 München 80; (+49)
55%
3. 1980/81 Eintracht Braunschweig 94; (+58)
52%
6. 1979/80 Karlsruher SC 86; (+52)
45%
10. 1983/84 Karlsruher SC 82; (+49)
45%
7. 1977/78 SV Darmstadt 98 84; (+47)
45%
18. 1980/81 SV Darmstadt 98 79; (+43)
45%
17. 1975/76 Tennis Borussia Berlin 79; (+43)
9%
Keine übereinstimmenden Quizze gefunden
Verteilung der Resultate
Anzahl Personen mit jedem Resultat
Perzentil nach korrekt beantworteten Fragen
Ihre Resultats-Entwicklung
Sie haben dieses Quiz noch nicht gespielt